UM Logo

Mechanical and electrical systems in buildings/ (Record no. 3073)

MARC details
000 -LEADER
fixed length control field 00716nam a22002057a 4500
008 - FIXED-LENGTH DATA ELEMENTS--GENERAL INFORMATION
fixed length control field 160621b xxu||||| |||| 00| 0 eng d
020 ## - INTERNATIONAL STANDARD BOOK NUMBER
International Standard Book Number 981-247-151-0
082 ## - DEWEY DECIMAL CLASSIFICATION NUMBER
Edition number 2004
Classification number DC 696
Item number T15m
100 ## - MAIN ENTRY--PERSONAL NAME
9 (RLIN) 10267
Personal name Tao, William K.Y.
245 ## - TITLE STATEMENT
Title Mechanical and electrical systems in buildings/
Statement of responsibility, etc. William K.Y. Tao and Richard R. Janis.
250 ## - EDITION STATEMENT
Edition statement Second Edition
260 ## - PUBLICATION, DISTRIBUTION, ETC. (IMPRINT)
Place of publication, distribution, etc. New Jersey:
Name of publisher, distributor, etc. Pearson Education, Inc.,
Date of publication, distribution, etc. c2004.
300 ## - PHYSICAL DESCRIPTION
Extent xvi, 592 pages:
Other physical details illustrations;
Dimensions 23 cm.
500 ## - GENERAL NOTE
General note Includes index and appendices.
650 #0 - SUBJECT ADDED ENTRY--TOPICAL TERM
9 (RLIN) 10268
Topical term or geographic name as entry element Buildings
General subdivision Mechanical equipment.
650 #0 - SUBJECT ADDED ENTRY--TOPICAL TERM
9 (RLIN) 10269
Topical term or geographic name as entry element Buildings
General subdivision Electrical equipment
700 ## - ADDED ENTRY--PERSONAL NAME
9 (RLIN) 10270
Personal name Janis, Richard R.
365 ## - TRADE PRICE
Price amount 495.00
Currency code Php
942 ## - ADDED ENTRY ELEMENTS (KOHA)
Source of classification or shelving scheme Dewey Decimal Classification
Koha item type Circulation
Holdings
Withdrawn status Lost status Source of classification or shelving scheme Damaged status Not for loan Collection code Home library Current library Date acquired Source of acquisition Total Checkouts Full call number Barcode Date last seen Copy number Cost, replacement price Price effective from Koha item type
    Dewey Decimal Classification     Circulation UM Digos College - LIC UM Digos College - LIC 09/28/2006 Purchased   DC 696 T15m 2004 18741 05/15/2025 1 495.00 06/21/2016 Circulation
    Dewey Decimal Classification     Circulation UM Digos College - LIC UM Digos College - LIC 10/11/2006 Purchased   DC 696 T15m 2004 18847 05/15/2025 2 495.00 06/21/2016 Circulation